000 01164nam a2200217Ia 4500
003 Ost
005 20260507075644.0
008 260507s9999||||xx |||||||||||||| ||und||
040 _cfsecg
041 _aara
082 _a380.1012
100 _aخالد، هشام
_eمؤلف
245 0 _aأولويات التحكيم التجاري الدولي :
_bدراسة مقارنة في النظم القانونية اللاتينية والأنجلوسكسونية والعربية /
_c هشام خالد
260 _aالإسكندرية:
_bدار الفكر الجامعي,
_c2004
300 _a210 صفحة؛
_bإيضاحات ؛
_c24 سم
504 _aالمراجع ص.197
520 _aواقع التحكيم التجاري الدولي في عالمنا المعاصر- ماهية التحكيم، تعريف التحكيم في الفقه الاجنبي، تعريف التحكيم في الفقه العربي، تمييز التحكيم عن النظم المشابهة، التحكيم والخبرة، التحكيم وبعض الاخرى
653 _aالتجارة الدولية
653 _aالتحكيم التجاري
942 _cكتاب
999 _c45456
_d45456